000 00422nam a2200157Ia 4500
008 210716s2000 xx 000 0 und d
020 _a013026928X
041 _aeng
082 _a332.024 KEOA
100 _aKeown, Arthur J.
245 _aPersonal finance: Turning money into wealth.
_bTurning money into wealth.
250 _a2
260 _aNew Jersey
_bPrentice Hall
_c2000
300 _axxx,606
650 _aFinance
999 _c200851
_d200851